DAY E. D.: FONDATIONS OF IMMUNOCHEMISTRY (Základy imunochémie).

Bibliographic Details
Main Author: Štefanovič, Ján, 1928- (Author)
Format: Article
Language:Slovak

MARC

LEADER 00000nab a2200000ua 4500
001 vtls010778881
003 SK-MaSNL
005 20260303123430.0
008 230214s1968 xo |||||||||||||||||slo|
035 |a (urnnbn)urn:nbn:sk:snk:ar-a03g39 
035 |a (uuid)68167f1d-fb18-4ed3-81b8-ba5388ceea80 
035 |a urn:nbn:sk:snk-ab58y3 
040 |a SNKBUCL  |b slo  |c SNKBUCL  |e AACR2 
041 0 |a slo 
044 |a xo  |c SK 
100 1 |a Štefanovič, Ján,  |d 1928-  |4 aut  |9 155923 
245 1 0 |a DAY E. D.: FONDATIONS OF IMMUNOCHEMISTRY (Základy imunochémie).  |c J. Štefanovič 
773 0 |t Bratislavské lekárske listy  |g Roč. 49, č. 5 (1968), s. 600 
954 |a odborná, vedecká literatúra pôvodná (slovenská)  |2 lita 
958 |a OND 
958 |a EUIPO 
958 |a article3 
999 |c 1925913  |d 1927843